Hindu Gods' Names - Statistics

General Stats
  • This quiz has been taken 74 times
  • The average score is 9 of 15
Answer Stats
Question Tile Select % Correct
Vishnu Tripurantaka No
85%
Shiva Vasudeva No
81%
Shiva Lakshmipati No
78%
Ganesha Bhootanatha No
75%
Vishnu Neelakantha No
75%
Brahma Kailasanatha No
63%
Vishnu Padmanabha Yes
63%
Shiva Gangadhara Yes
62%
Ganesha Venkatapathi No
62%
Lakshmi Hamsavahini No
59%
Ganesha Lambodara Yes
51%
Lakshmi Sharada No
51%
Brahma Chakradhara No
49%
Brahma Hiranyagarbha Yes
40%
Lakshmi Alamelu Yes
26%
No matching quizzes found
Score Distribution
Percent of People with Each Score
Percentile by Number Answered
Your Score History
You have not taken this quiz